000 00644cam a22002055a 4500
001 007407101
005 20180325145207.0
008 800804s1979 enka frb 001 0 eng d
020 _a0713162422
040 _aUk
_cUk
_beng
_dEG-ScBUE
082 0 4 _222
_a301.3
_bCHA
100 1 _aChapman, Keith,
_d1945-
245 1 0 _aPeople, pattern and process :
_ban introduction to human geography /
_cKeith Chapman.
260 _aLondon :
_bEdward Arnold,
_c1979.
300 _aix, 334 p. :
_bill. ;
_c24cm.
504 _aIncludes bibliographical references and index.
650 7 _aAnthropo-geography.
_2BUEsh
653 _bGGEN
_cMarch2018
942 _2ddc
999 _c26396
_d26368